Agrocenzus 1995 a jeho první výsledky

Štatistické výskumy Agrocenzu v ČR v r. 1995. Okruhy ukazovateľov skúmané dotazníkom Agrocenzu. Právne formy spravodajských jednotiek Agrocenzu k 30. 9. 1995. Poľnohospodárske podniky fyzických osôb v ČR k 30. 9. 1995. Poľnohospodárske podniky obchodných spoločností a družstiev.

Salvato in:
Dettagli Bibliografici
Autore principale: Hurtíková, I.
Natura: Capitolo di libro
Lingua:ceco
Soggetti:
Tags: Aggiungi Tag
Nessun Tag, puoi essere il primo ad aggiungerne!!

MARC

LEADER 00000naa a2200000 4500
001 r023089
005 20230925105807.7
041 0 |a cze 
044 |a CZ 
245 1 0 |a Agrocenzus 1995 a jeho první výsledky  |c I. Hurtíková 
520 |a Štatistické výskumy Agrocenzu v ČR v r. 1995. Okruhy ukazovateľov skúmané dotazníkom Agrocenzu. Právne formy spravodajských jednotiek Agrocenzu k 30. 9. 1995. Poľnohospodárske podniky fyzických osôb v ČR k 30. 9. 1995. Poľnohospodárske podniky obchodných spoločností a družstiev. 
610 2 0 |a štatistika 
610 2 0 |a Agrocenzus 
610 2 0 |a výskum štatistický 
610 2 0 |a poľnohospodárstvo 
610 2 0 |a podnik poľnohospodársky 
610 2 0 |a Česko 
610 2 0 |a 1995 
100 1 |a Hurtíková, I.